02117nam a2200277 a 4500001001000000003000400010005001700014008004100031040002500072082001900097110010300116240001800219245027900237260012600516300002100642505047500663590002601138700003601164710010301200942001401303952012801317952012801445952012801573952012101701999001701822000044759OSt20230308115615.0150109s2007 dr r 000 0 spa d aDO-SdBNPbspacBNPHU a343.032bR426c1 aRepública Dominicana.bComisionado de Apoyo a la Reforma y Modernización de la Justicia91717910a[Leyes, etc.]10aCompilación :b"Leyes de familia de Cataluña, Bolivia, Buenos Aires, Venezuela, Chile, Costa Rica, Panamá, Ecuador, Honduras, Cuba y República Dominicana" /ccoordinadores Margarita Cedeño de Fernández, Alejandro Moscoso Segarra ; compilación Rosa Fernández. aSanto Domingo :bDespacho de la Primera Dama,bComisionado de Apoyo a la Reforma y Modernización de la Justicia,c2007. a445 p. ;c28 cm.2 aPresentación --tCódigo de familia de Cataluña, España "ley no. 9 del mes de Julio del año 1998 --tCódigo de familia de la República de Bolivia --tCódigo de familia de Cuba y sus modificaciones --tCódigo de familia de Panamá --tLey sobre el fuero familia de Buenos Aires Argentina --tLey de violencia contra la mujer y familia de Venezuela --tCódigo de familia de Ecuador --tCódigo de familia de Honduras --tLey del matrimonio de Chile -- aInventariado, 2019/BT1 aRosa Fernández.ecomp.97276912aRepública Dominicana.bComisionado de Apoyo a la Reforma y Modernización de la Justicia917179 2ddccLBS1 00112ddc708DSaBNPHUbGRcHDd2019-03-26eMediabyteiLF1l0o343.032 R426cp44759-30r2020-06-25te. 3w2020-06-25yLFDS 00102ddc708PDaBNPHUbPDcHDd2015-01-09eDeposito legal iLF1l0o343.032 R426cp44759-10r2020-06-25w2020-06-25yLFPD 00102ddc728PDaBNPHUbPDcHDd2019-03-26eMediabyteiLF1l0o343.032 R426cp44759-20r2020-06-25te. 2w2020-06-25yLFPD 00102ddc70aBNPHUbGRcHDd2020-10-28eDomínico Americano l0o343.032 R426cr2020-10-28te. 4w2020-10-28yLBS1 c44248d44248